000 00256nam a22000857a 4500
008 150922t xxu||||| |||| 00| 0 eng d
020 _6978-81-312-1119-9
100 _aronald n forthofer
_91276
245 _abiostatistics a guide to design analysis and discovery
999 _c479842
_d479842